000 00621nam a22001937a 4500
005 20240522115128.0
010 _aENG-140464
020 _a9788192812533
_c500.00
035 _aEN-123996
037 _bDBAD
082 _a809.933
100 _aChaudhuri, Kalyan Bhanja
_966723
245 _aGoethe And Tagore Parallel Lives And Works/
_cby Kalyan Bhanja Chaudhuri
260 _aKolkata
_b Kalyan Bhanja Chaudhuri
_c2022
270 _a356/20, S. K. B. Sarani, DumDum
_bKolkata
_e700006
300 _a303 p.
_c21cm, (hb}
700 _aChaudhuri, Kalyan Bhanja
_966297
942 _2ddc
_cEN
_h809.933
_mCHA
999 _c203150
_d203150